Elektronické matriky na základe novely zákona o matrikách budú od októbra 2015
Návrh zákona, ktorým sa mení a dopĺňa zákon Národnej rady Slovenskej republiky č. 154/1994 Z. z. o matrikách v znení neskorších predpisov. Návrh zakotviť elektronickú matriku ako špecializovaný portál v súvislosti s elektronizáciou služieb matriky. Návrh novely zákona o matrikách schválený vládou SR...
Salvato in:
| Autore principale: | |
|---|---|
| Natura: | Capitolo di libro |
| Lingua: | slovacco |
| Soggetti: | |
| Tags: |
Nessun Tag, puoi essere il primo ad aggiungerne!!
|
MARC
| LEADER | 00000nla a2200000 4500 | ||
|---|---|---|---|
| 001 | 0198567 | ||
| 005 | 20240502073344.0 | ||
| 041 | 0 | |a slo | |
| 044 | |a SK | ||
| 245 | 1 | 0 | |a Elektronické matriky na základe novely zákona o matrikách budú od októbra 2015 |c Zuzana Brindzová |
| 520 | |a Návrh zákona, ktorým sa mení a dopĺňa zákon Národnej rady Slovenskej republiky č. 154/1994 Z. z. o matrikách v znení neskorších predpisov. Návrh zakotviť elektronickú matriku ako špecializovaný portál v súvislosti s elektronizáciou služieb matriky. Návrh novely zákona o matrikách schválený vládou SR dňa 18.2.2015. | ||
| 610 | 2 | 0 | |a správa verejná |
| 610 | 2 | 0 | |a správa verejná elektronická |
| 610 | 2 | 0 | |a legislatíva |
| 610 | 2 | 0 | |a novelizácia |
| 100 | 1 | |a Brindzová, Zuzana | |